| 000 | 01115cam a22001814a 4500 | ||
|---|---|---|---|
| 005 | 20250605164344.0 | ||
| 008 | 250528s ||||||||||||||||||||||||d | ||
| 035 | _a23768 | ||
| 040 |
_aGR-AtMCL _bgre _dGR-AtMCL _eAACR2 |
||
| 245 | 1 | _aOwasp's 2013 Top 10 Web Threats/A Review, Prevention and Detection Techniques | |
| 260 | _c2016 | ||
| 300 | _a97 | ||
| 520 | _aSummary, Table of Contents, Introduction, Definition of Web Threats and Classes of Attacks, Web Threats Delivery Methods, Benefits for Cyber Criminals, Damages Caused by Web Threats, The Importance of Dealing with Web Threats, A1 Injection, A2 Broken Authentication and Session Management, A3 Cross-Site Scripting (XSS), A4 Insecure Direct Object References, A5 Security Misconfiguration, A6 Sensitive Data Exposure, A7 Missing Function Level Access Control, A8 Cross-Site Request Forgery (CSRF), A9 Using Components with Known Vulnerabilities, A10 Unvalidated Redirects and Forwards, Detection and Prevention Techniques, Conclusions, References. | ||
| 700 | 1 |
_aBirmpeli-Tavalion Zoi _99301 |
|
| 942 | _cDS | ||
| 999 |
_c8705 _d8705 |
||